000
00251pam a2200133 a 4500
020
_c
041
_h
100
_a
Harold R. Wanless
245
_a
Aerial Stereo Photographs
260
_c
1973
300
_a
92
653
_a
Geology
930
_a
922
999
_c
246775
_d
246775